Who’s kitten who? : a reigning cats & dogs mystery (Record no. 37049)

MARC details
000 -LEADER
fixed length control field 00539nam a2200181Ia 4500
020 ## - INTERNATIONAL STANDARD BOOK NUMBER
ISBN 9780553590340
050 ## - CALL MARK
Classification number L1 238 .B39/
100 ## - STATEMENT OF RESPONSIBILITY--MAIN AUTHOR NAME
Personal name Baxter, Cynthia
245 #0 - TITLE STATEMENT
Title Who’s kitten who? : a reigning cats & dogs mystery
260 ## - PUBLICATION, DISTRIBUTION, ETC. (IMPRINT)
Place of publication New York
260 ## - PUBLICATION, DISTRIBUTION, ETC. (IMPRINT)
Name of publisher Bantam Books
260 ## - PUBLICATION, DISTRIBUTION, ETC. (IMPRINT)
Year of publication 2007
300 ## - PHYSICAL DESCRIPTION
Number of Pages 336 p
650 ## - SUBJECT ADDED ENTRY--TOPICAL TERM
Topical Term Women veterinarians --Fiction. Dramatists --Crimes against --Fiction. Popper, Jessica (Fictitious character)
942 ## - ADDED ENTRY ELEMENTS (KOHA)
Koha item type Books
Holdings
Withdrawn status Lost status Source of classification or shelving scheme Damaged status Not for loan Permanent Location Current Location Date acquired Accession Number Price effective from Koha item type
    Library of Congress Classification     NILE UNIVERSITY OF NIGERIA - MAIN LIBRARY NILE UNIVERSITY OF NIGERIA - MAIN LIBRARY 04/23/2025 0010724 04/23/2025 Books